[Event "Aut_2.Bundesliga_Ost_2003/04"]
[Site "Bruck/Leitha (1+2), Wien (3+4), Eichgraben (5-7), Wien (8+9), Eichgraben (10+11)"]
[Date "2004.01.31"]
[Round "8"]
[Board "3"]
[White "Wallner, Joachim"]
[Black "Beckhuis, Gernod"]
[Result "1-0"]
[WhiteElo "2297"]
[BlackElo "2320"]
[PlyCount "93"]

1.e4 e6 2.d4 d5 3.Nd2 Nf6 4.e5 Nfd7 5.c3 c5 6.f4 Nc6 7.Ndf3 cxd4 8.cxd4 Qb6
9.Ne2 Bb4+ 10.Nc3 a5 11.a3 Be7 12.Bb5 f6 13.O-O O-O 14.Kh1 Kh8 15.Bd3 fxe5
16.fxe5 Qd8 17.Bc2 b6 18.Ne2 Ba6 19.Rf2 Rf7 20.Bxh7 Kxh7 21.Qc2+ Kg8 22.Qxc6 Nf8
23.Qc2 Rc8 24.Qd1 Ng6 25.Be3 Qd7 26.Qd2 Qb5 27.Rd1 Rcf8 28.Neg1 Qd7 29.g3 Qd8
30.Qc2 Nh8 31.Kg2 Qc8 32.Qb1 Bd8 33.h4 Rc7 34.Nh3 g6 35.Nf4 Re7 36.Nh3 Ref7
37.Bh6 Re8 38.Rdd2 Qd7 39.Nf4 Kh7 40.Bg5 Kg7 41.Bxd8 Rxd8 42.Ng5 Re7 43.h5 Qe8
44.hxg6 Nxg6 45.Nh5+ Kh6 46.Nf6 Qh8 47.Rd1

[Event "Aut_2.Bundesliga_Ost_2003/04"]
[Site "Bruck/Leitha (1+2), Wien (3+4), Eichgraben (5-7), Wien (8+9), Eichgraben (10+11)"]
[Date "2004.01.31"]
[Round "8"]
[Board "4"]
[White "Bukacek, Emil"]
[Black "Ganaus, Hannes"]
[Result "1/2-1/2"]
[WhiteElo "2267"]
[BlackElo "2349"]
[PlyCount "119"]

1.e4 g6 2.d4 Bg7 3.c3 d6 4.f4 b6 5.Nf3 Bb7 6.Bd3 Nd7 7.O-O e6 8.Qe1 Ne7 9.Nbd2
d5 10.Ne5 dxe4 11.Nxe4 h6 12.Bb5 Bc8 13.Nc6 Nxc6 14.Bxc6 Rb8 15.b3 O-O 16.Ba3
Re8 17.Rd1 Bb7 18.Bxb7 Rxb7 19.Bb2 Nf6 20.Nxf6+ Bxf6 21.Qe4 Qd5 22.Qxd5 exd5
23.f5 Kg7 24.fxg6 fxg6 25.Rfe1 Rbb8 26.Rxe8 Rxe8 27.Kf2 h5 28.Re1 Rxe1 29.Kxe1
g5 30.h3 g4 31.hxg4 hxg4 32.Ke2 Kg6 33.Bc1 Kf5 34.Kd3 Bh4 35.c4 c6 36.cxd5 cxd5
37.a4 a6 38.Bd2 Bg3 39.Bc1 Bf4 40.Ba3 Bc7 41.Bc1 Bd6 42.Bd2 b5 43.axb5 axb5
44.Be3 Bf4 45.Bf2 Bd6 46.Be3 Bc7 47.Bd2 Bb8 48.Be3 b4 49.Bd2 Bd6 50.Be3 g3
51.Bd2 Kg4 52.Ke2 Be7 53.Bh6 Bd6 54.Bg7 Kf4 55.Kd3 Kf5 56.Ke3 Kg5 57.Kf3 Kg6
58.Bh8 Kf5 59.Ke3 Bf4+ 60.Kd3

[Event "Aut_2.Bundesliga_Ost_2003/04"]
[Site "Bruck/Leitha (1+2), Wien (3+4), Eichgraben (5-7), Wien (8+9), Eichgraben (10+11)"]
[Date "2004.01.31"]
[Round "8"]
[Board "5"]
[White "Brustkern, Juergen"]
[Black "Vokroj, Rene"]
[Result "1-0"]
[WhiteElo "2246"]
[BlackElo "2257"]
[PlyCount "39"]

1.g3 d5 2.Nf3 Nf6 3.Bg2 Bf5 4.O-O Nbd7 5.c4 e6 6.d3 h6 7.Nc3 c6 8.cxd5 cxd5 9.e4
dxe4 10.dxe4 Bxe4 11.Nxe4 Nxe4 12.Nd4 Nd6 13.Bf4 Qb6 14.Re1 Be7 15.Nxe6 fxe6
16.Rxe6 Nf8 17.Rxd6 Bxd6 18.Bxd6 Ne6 19.Qa4+ Kd8 20.Rd1

[Event "Aut_2.Bundesliga_Ost_2003/04"]
[Site "Bruck/Leitha (1+2), Wien (3+4), Eichgraben (5-7), Wien (8+9), Eichgraben (10+11)"]
[Date "2004.01.31"]
[Round "8"]
[Board "6"]
[White "Rogetzer, Klaus"]
[Black "Zetthofer, Gerald"]
[Result "0-1"]
[WhiteElo "2119"]
[BlackElo "2225"]
[PlyCount "56"]

1.d4 d5 2.c4 e6 3.Nc3 Nf6 4.Bg5 Be7 5.cxd5 exd5 6.Qc2 c6 7.e3 Bg4 8.Bd3 Bh5 9.f3
Bg6 10.e4 dxe4 11.fxe4 Qxd4 12.Nf3 Qc5 13.Qe2 Nbd7 14.Rc1 Ne5 15.Nd5 Nxd3+
16.Qxd3 Qa5+ 17.Bd2 Qd8 18.Nxf6+ Bxf6 19.Qa3 Bxe4 20.O-O Be7 21.Bb4 Qb6+ 22.Rc5
O-O 23.Kh1 Bxc5 24.Bxc5 Qb5 25.Rf2 Rfd8 26.h3 Rd3 27.Nd4 Rxa3 28.Nxb5 Ra5

[Event "Aut_2.Bundesliga_Ost_2003/04"]
[Site "Bruck/Leitha (1+2), Wien (3+4), Eichgraben (5-7), Wien (8+9), Eichgraben (10+11)"]
[Date "2004.01.31"]
[Round "8"]
[Board "1"]
[White "Srienz, Christian"]
[Black "Varga, Zoltan"]
[Result "1/2-1/2"]
[WhiteElo "2222"]
[BlackElo "2564"]
[PlyCount "58"]

1.e4 d6 2.d4 Nf6 3.Nc3 Nbd7 4.Nf3 e5 5.Bc4 Be7 6.O-O O-O 7.a4 c6 8.a5 h6 9.h3
exd4 10.Qxd4 Ne5 11.Nxe5 dxe5 12.Qe3 Bb4 13.Qg3 Kh8 14.Qh4 Be6 15.Bd3 Nd7 16.Qh5
f6 17.Rd1 Rf7 18.Be2 Qe8 19.Qh4 Qe7 20.Bg4 Nf8 21.Bf5 Bc5 22.Na4 Bb4 23.Nc3 Rd8
24.Be3 Rxd1+ 25.Nxd1 Qd8 26.Bxa7 Bxa5 27.Bc5 Bxf5 28.exf5 Nd7 29.Qc4 Kg8

[Event "Aut_2.Bundesliga_Ost_2003/04"]
[Site "Bruck/Leitha (1+2), Wien (3+4), Eichgraben (5-7), Wien (8+9), Eichgraben (10+11)"]
[Date "2004.01.31"]
[Round "8"]
[Board "2"]
[White "Stranz, Richard"]
[Black "Schorn, Christoph"]
[Result "1/2-1/2"]
[WhiteElo "2323"]
[BlackElo "2215"]
[PlyCount "139"]

1.e4 c5 2.Nc3 d6 3.Nf3 a6 4.g3 Nc6 5.Bg2 g6 6.O-O Bg7 7.d3 e6 8.Be3 Nge7 9.d4
cxd4 10.Nxd4 O-O 11.a4 Qc7 12.Nb3 Ne5 13.Nd2 b6 14.Ra3 Bb7 15.Qe2 Rac8 16.Rd1
Nd7 17.Rb3 Nc5 18.Ra3 Rfd8 19.Nc4 Nc6 20.h4 Ne5 21.Nxe5 dxe5 22.Raa1 Bf8 23.Rxd8
Rxd8 24.Qc4 Qc6 25.b4 Nd7 26.Qxc6 Bxc6 27.b5 Bb7 28.Rd1 Be7 29.bxa6 Bxa6 30.Bf1
Bxf1 31.Kxf1 Kf8 32.Nb5 Nb8 33.Rxd8+ Bxd8 34.Ke2 Ke7 35.Kd3 Kd7 36.Kc4 Kc6
37.Nc3 Nd7 38.Na2 Be7 39.Nb4+ Bxb4 40.Kxb4 Nb8 41.Kc4 h5 42.f3 Nd7 43.Bg5 f5
44.Be7 Nb8 45.Kd3 Nd7 46.Kc4 Nb8 47.Bb4 Nd7 48.Ba3 Nf6 49.Bb2 fxe4 50.fxe4 Nxe4
51.Bxe5 Nc5 52.Kb4 Kd5 53.Bf4 Kc6 54.Bd2 e5 55.Be1 Ne4 56.Kc4 Nc5 57.a5 bxa5
58.Bxa5 Ne4 59.Be1 Nd6+ 60.Kd3 Kd5 61.Ke3 Nf5+ 62.Kd3 e4+ 63.Kc3 Ne3 64.Bd2 Nd1+
65.Kb4 e3 66.Be1 Nb2 67.Kc3 Nc4 68.Kd3 Kc5 69.Bc3 Kd5 70.Be1

[Event "Aut_2.Bundesliga_Ost_2003/04"]
[Site "Bruck/Leitha (1+2), Wien (3+4), Eichgraben (5-7), Wien (8+9), Eichgraben (10+11)"]
[Date "2004.01.31"]
[Round "8"]
[Board "3"]
[White "Bechmann, Gerhard"]
[Black "Krpelan, Wolfgang"]
[Result "0-1"]
[WhiteElo "2141"]
[BlackElo "2232"]
[PlyCount "94"]

1.f4 Nf6 2.Nf3 g6 3.d3 d5 4.c3 Bg7 5.g3 O-O 6.Bg2 c6 7.O-O Qb6+ 8.e3 Nbd7 9.Na3
Nc5 10.Nc2 a5 11.Re1 Re8 12.Ne5 Nfd7 13.d4 Ne4 14.Na3 Nxe5 15.fxe5 Be6 16.Nc4
Qc7 17.Nd2 Ng5 18.Nf3 Nh3+ 19.Bxh3 Bxh3 20.Ng5 Bd7 21.Nf3 Bf5 22.Bd2 f6 23.exf6
exf6 24.Qb3 Bd3 25.Nh4 Bf8 26.Qd1 Be4 27.Qe2 Bd6 28.Rf1 f5 29.Rac1 b5 30.Qf2 a4
31.a3 Re6 32.Rfd1 Rae8 33.Re1 Qg7 34.Ng2 Bxg2 35.Kxg2 Re4 36.Kh1 h5 37.Rg1 Qh6
38.Rg2 Be7 39.Rcg1 Bg5 40.Re1 Kf7 41.Qf3 Bxe3 42.Bxe3 Rxe3 43.Rxe3 Qxe3 44.Qxe3
Rxe3 45.Rd2 Kf6 46.Kg2 Kg5 47.Rf2 h4

[Event "Aut_2.Bundesliga_Ost_2003/04"]
[Site "Bruck/Leitha (1+2), Wien (3+4), Eichgraben (5-7), Wien (8+9), Eichgraben (10+11)"]
[Date "2004.01.31"]
[Round "8"]
[Board "4"]
[White "Ranits, Franz"]
[Black "Thoma, Wilhelm Jun."]
[Result "1-0"]
[WhiteElo "2250"]
[BlackElo "2161"]
[PlyCount "73"]

1.e4 c5 2.c3 d5 3.exd5 Qxd5 4.d4 Nf6 5.Nf3 Bg4 6.Be2 e6 7.h3 Bh5 8.O-O Nc6 9.Be3
cxd4 10.cxd4 Be7 11.Nc3 Qd6 12.Qb3 O-O 13.Rfd1 Rfd8 14.a3 Rac8 15.Rac1 Qb8 16.d5
exd5 17.Nxd5 Nxd5 18.Rxd5 Bg6 19.Rb5 b6 20.Rd5 Be4 21.Rxd8+ Nxd8 22.Rxc8 Qxc8
23.Qa4 Qa8 24.Qe8+ Bf8 25.Ne5 Bxg2 26.Bh5 Bc6 27.Bxf7+ Nxf7 28.Qxf7+ Kh8 29.Nxc6
h6 30.Bd4 Qc8 31.Ne5 Qc1+ 32.Kh2 Bd6 33.Qe8+ Kh7 34.Qg6+ Kh8 35.Qxd6 Qf4+ 36.Kg2
Qe4+ 37.Kg3

[Event "Aut_2.Bundesliga_Ost_2003/04"]
[Site "Bruck/Leitha (1+2), Wien (3+4), Eichgraben (5-7), Wien (8+9), Eichgraben (10+11)"]
[Date "2004.01.31"]
[Round "8"]
[Board "1"]
[White "Pingitzer, Harald"]
[Black "Videki, Sandor"]
[Result "1-0"]
[WhiteElo "2381"]
[BlackElo "2430"]
[PlyCount "89"]

1.Nf3 d5 2.d4 c6 3.e3 e6 4.c4 f5 5.Nbd2 Bd6 6.c5 Bc7 7.b4 Nf6 8.Bb2 O-O 9.Ne5
Nbd7 10.f4 Ne4 11.Nxe4 fxe4 12.Be2 Nxe5 13.dxe5 b6 14.Bd4 a5 15.a3 Ba6 16.Bxa6
Rxa6 17.O-O b5 18.a4 Qa8 19.Qg4 Qc8 20.axb5 cxb5 21.bxa5 Bxa5 22.Rab1 Qd7 23.Qe2
Rb8 24.Rb3 Raa8 25.Rfb1 b4 26.h3 h6 27.Kh2 Rb5 28.g4 Rf8 29.h4 Rbb8 30.h5 Ra8
31.Kg2 Kh7 32.R3b2 Qc6 33.Ra2 Rfb8 34.f5 Qd7 35.Rba1 Qb5 36.Qxb5 Rxb5 37.fxe6 b3
38.Rxa5 Rbxa5 39.Rxa5 Rxa5 40.e7 Ra8 41.c6 g5 42.e6 Rc8 43.c7 b2 44.Bxb2 d4
45.exd4

[Event "Aut_2.Bundesliga_Ost_2003/04"]
[Site "Bruck/Leitha (1+2), Wien (3+4), Eichgraben (5-7), Wien (8+9), Eichgraben (10+11)"]
[Date "2004.01.31"]
[Round "8"]
[Board "2"]
[White "Neumeier, Klaus"]
[Black "Schneider-Zinner, Harald"]
[Result "1-0"]
[WhiteElo "2280"]
[BlackElo "2347"]
[PlyCount "45"]

1.e4 c6 2.d4 d5 3.e5 c5 4.dxc5 e6 5.Nf3 Bxc5 6.Bd3 Nc6 7.a3 f6 8.b4 Bb6 9.Bb2
fxe5 10.Nxe5 Bxf2+ 11.Kxf2 Qf6+ 12.Ke1 Nge7 13.Qh5+ g6 14.Nxc6 Qxb2 15.Qe5 Qc1+
16.Ke2 Qxh1 17.Qxh8+ Kd7 18.Qd8+ Kxc6 19.b5+ Kc5 20.Qxe7+ Kd4 21.Kf2 Qc1 22.Qb4+
Ke5 23.Nd2

[Event "Aut_2.Bundesliga_Ost_2003/04"]
[Site "Bruck/Leitha (1+2), Wien (3+4), Eichgraben (5-7), Wien (8+9), Eichgraben (10+11)"]
[Date "2004.01.31"]
[Round "8"]
[Board "3"]
[White "Kummer, Helmut"]
[Black "Hechl, Gerald"]
[Result "1-0"]
[WhiteElo "2337"]
[BlackElo "2228"]
[PlyCount "63"]

1.d4 e6 2.c4 b6 3.Nf3 Bb7 4.Nbd2 f5 5.e3 Nf6 6.Bd3 Be7 7.Qc2 O-O 8.O-O Nc6 9.a3
Qe8 10.b4 Qh5 11.Bb2 g5 12.d5 Nd8 13.e4 g4 14.Nd4 Bd6 15.g3 Nxe4 16.Nxe4 fxe4
17.Bxe4 exd5 18.cxd5 Bxd5 19.Bxd5+ Qxd5 20.Rae1 Ne6 21.Nxe6 dxe6 22.Re4 Qf5
23.Qc4 Rf7 24.Rxg4+ Kf8 25.Re4 Re8 26.Qe2 a5 27.Re1 axb4 28.axb4 e5 29.f4 Qc8
30.fxe5 Be7 31.e6 Rf5 32.Rf1

[Event "Aut_2.Bundesliga_Ost_2003/04"]
[Site "Bruck/Leitha (1+2), Wien (3+4), Eichgraben (5-7), Wien (8+9), Eichgraben (10+11)"]
[Date "2004.01.31"]
[Round "8"]
[Board "4"]
[White "Pichler, Michael"]
[Black "Holzer, Gerhard"]
[Result "0-1"]
[WhiteElo "2172"]
[BlackElo "2245"]
[PlyCount "146"]

1.e4 c5 2.Nc3 e6 3.Nge2 b6 4.g3 Bb7 5.Bg2 d6 6.O-O Be7 7.d3 Nc6 8.f4 Nf6 9.f5 e5
10.Nd5 Nxd5 11.exd5 Nd4 12.Nc3 Bc8 13.g4 h5 14.h3 hxg4 15.hxg4 b5 16.a4 bxa4
17.Ne4 Bd7 18.Be3 Rb8 19.c3 Nb3 20.Rb1 Bb5 21.Rf2 Kd7 22.g5 f6 23.Qe2 Rh4 24.Rd1
Qh8 25.c4 Ba6 26.Nc3 Rb4 27.Qc2 Qb8 28.g6 Bc8 29.Na2 Rb6 30.Nc3 Ra6 31.Be4 Ke8
32.Rh2 Rxh2 33.Qxh2 Bf8 34.Qh8 Qc7 35.Nb5 Qe7 36.Kf2 Rb6 37.Rh1 a6 38.Nc3 Nd4
39.Nxa4 Rb4 40.Nc3 Rxb2+ 41.Kg3 Bxf5 42.Bxd4 Bxe4 43.Nxe4 exd4 44.Qh3 Qe5+
45.Kf3 f5 46.Re1 Kd8 47.Qh4+ Be7 48.Ng5 Qf6 49.Ne6+ Kd7 50.Qxf6 Bxf6 51.Nf8+ Kd8
52.Ne6+ Kc8 53.Nf4 Bh4 54.Rf1 Rd2 55.Nh5 Rxd3+ 56.Kf4 Re3 57.Nxg7 Bg3+ 58.Kxf5
d3 59.Ne6 Be5 60.Rd1 Rg3 61.Nxc5 Rf3+ 62.Ke6 Rf6+ 63.Ke7 dxc5 64.Rxd3 Rxg6 65.d6
Rg7+ 66.Kf8 Rd7 67.Ra3 Rxd6 68.Ke7 Rg6 69.Kf7 Rb6 70.Ra5 Bd4 71.Ke7 Kc7 72.Ra2
Rb4 73.Rc2 a5

[Event "Aut_2.Bundesliga_Ost_2003/04"]
[Site "Bruck/Leitha (1+2), Wien (3+4), Eichgraben (5-7), Wien (8+9), Eichgraben (10+11)"]
[Date "2004.01.31"]
[Round "8"]
[Board "5"]
[White "Hansen, Kay"]
[Black "Wandl, Werner"]
[Result "0-1"]
[WhiteElo "2242"]
[BlackElo "2125"]
[PlyCount "82"]

1.d4 Nf6 2.g3 d5 3.c4 c6 4.cxd5 cxd5 5.Nc3 Nc6 6.Bg2 Bf5 7.Nf3 e6 8.O-O Be7 9.a3
O-O 10.Nh4 Be4 11.f3 Bg6 12.Be3 Na5 13.Bf2 Rc8 14.Nxg6 hxg6 15.e4 Qb6 16.Qe2
Rfe8 17.Rab1 Qb3 18.Qd1 Bxa3 19.Nxd5 exd5 20.bxa3 Qxd1 21.Rfxd1 dxe4 22.fxe4
Nxe4 23.Bxe4 Rxe4 24.d5 b6 25.d6 Rd8 26.Rd5 Rd7 27.g4 Rxg4+ 28.Bg3 f5 29.Kg2 Nc4
30.Rc1 Re4 31.Rc3 Kf7 32.Rd1 g5 33.Rdc1 b5 34.a4 f4 35.axb5 fxg3 36.hxg3 Nxd6
37.Rc5 Rb4 38.Kf3 Rxb5 39.Rxb5 Nxb5 40.Rc5 Nd4+ 41.Ke4 Ne6

[Event "Aut_2.Bundesliga_Ost_2003/04"]
[Site "Bruck/Leitha (1+2), Wien (3+4), Eichgraben (5-7), Wien (8+9), Eichgraben (10+11)"]
[Date "2004.01.31"]
[Round "8"]
[Board "6"]
[White "Mayr, Thomas"]
[Black "Hofbauer, Martin"]
[Result "1/2-1/2"]
[WhiteElo "2106"]
[BlackElo "2267"]
[PlyCount "75"]

1.e4 c6 2.c4 e5 3.Nf3 d6 4.d4 Qc7 5.Nc3 Bg4 6.Be2 Nd7 7.Be3 Ngf6 8.h3 Bxf3
9.Bxf3 Be7 10.O-O O-O 11.Be2 Rfe8 12.Rc1 Bf8 13.d5 c5 14.Qc2 a6 15.a3 Be7 16.Rb1
Rec8 17.Rfc1 Qd8 18.Qd2 h6 19.Rc2 Nh7 20.Bg4 Bg5 21.Na4 Bxe3 22.Qxe3 Nhf6
23.Bxd7 Nxd7 24.Nc3 Rab8 25.a4 Qh4 26.b3 Re8 27.Qg3 Qxg3 28.fxg3 h5 29.Rf1 g6
30.Rcf2 Kg7 31.Rf3 f6 32.Nd1 b5 33.axb5 axb5 34.Ne3 Kf7 35.Ra1 Ke7 36.Rff1 bxc4
37.Nxc4 Ra8 38.Na5

[Event "Aut_2.Bundesliga_Ost_2003/04"]
[Site "Bruck/Leitha (1+2), Wien (3+4), Eichgraben (5-7), Wien (8+9), Eichgraben (10+11)"]
[Date "2004.01.31"]
[Round "8"]
[Board "1"]
[White "Palkoevi, Jozsef"]
[Black "Polak, Thomas"]
[Result "1/2-1/2"]
[WhiteElo "2428"]
[BlackElo "2490"]
[PlyCount "55"]

1.e4 c5 2.c3 d5 3.exd5 Qxd5 4.d4 g6 5.Be3 cxd4 6.cxd4 Nf6 7.Nc3 Qd8 8.Bc4 Bg7
9.Nge2 O-O 10.d5 Nbd7 11.Bb3 Ne8 12.O-O Nd6 13.Bd4 Nf6 14.Ng3 Bd7 15.Re1 Re8
16.Nce4 Nfxe4 17.Nxe4 Bxd4 18.Qxd4 Qb6 19.Qxb6 axb6 20.f3 Kf8 21.Rac1 Rec8
22.Kf2 Rxc1 23.Rxc1 Rc8 24.Rxc8+ Nxc8 25.Ke3 h6 26.Kd4 g5 27.g3 Nd6 28.Nxd6

[Event "Aut_2.Bundesliga_Ost_2003/04"]
[Site "Bruck/Leitha (1+2), Wien (3+4), Eichgraben (5-7), Wien (8+9), Eichgraben (10+11)"]
[Date "2004.01.31"]
[Round "8"]
[Board "2"]
[White "Groetz, Harald"]
[Black "Rumpl, Erwin"]
[Result "0-1"]
[WhiteElo "2359"]
[BlackElo "2254"]
[PlyCount "112"]

1.e4 e6 2.d4 d5 3.Nd2 dxe4 4.Nxe4 Bd7 5.Nf3 Bc6 6.Bd3 Nd7 7.O-O Ngf6 8.Neg5 Bd6
9.Re1 O-O 10.Ne5 h6 11.Ngf3 Bxf3 12.Qxf3 c5 13.Nxd7 Nxd7 14.Bf4 Bxf4 15.Qxf4
cxd4 16.Qxd4 Nf6 17.Qc5 Qd5 18.Qxd5 Nxd5 19.Be4 Nf6 20.Bf3 Rac8 21.c3 Rfd8
22.Red1 Kf8 23.Kf1 Ke7 24.Ke1 Nd7 25.Rd4 Ne5 26.Be4 f5 27.Rxd8 Rxd8 28.Bc2 Rd6
29.Rd1 Rb6 30.b3 Rc6 31.c4 b5 32.f4 Ng4 33.Bd3 bxc4 34.Bxc4 Nxh2 35.Kf2 Ng4+
36.Kf3 Nf6 37.g3 Ne4 38.Re1 Nd2+ 39.Ke3 Nxc4+ 40.bxc4 Rxc4 41.Kd3 Ra4 42.Re2 Kd6
43.Rb2 Ra3+ 44.Kd4 Rxg3 45.Rb7 Rf3 46.Rxa7 Rxf4+ 47.Ke3 Re4+ 48.Kf3 g5 49.a4 h5
50.a5 Ra4 51.a6 Ke5 52.Ra8 Ra3+ 53.Kg2 Kf4 54.a7 Ra2+ 55.Kg1 Kg3 56.Kf1 g4

[Event "Aut_2.Bundesliga_Ost_2003/04"]
[Site "Bruck/Leitha (1+2), Wien (3+4), Eichgraben (5-7), Wien (8+9), Eichgraben (10+11)"]
[Date "2004.01.31"]
[Round "8"]
[Board "3"]
[White "Gugler, Edgar"]
[Black "Chytilek, Roman"]
[Result "0-1"]
[WhiteElo "2242"]
[BlackElo "2418"]
[PlyCount "74"]

1.d4 Nf6 2.Nf3 g6 3.Bf4 Bg7 4.e3 d6 5.h3 O-O 6.Be2 Nfd7 7.O-O Nc6 8.c4 e5 9.Bh2
exd4 10.exd4 Qf6 11.Nc3 Nxd4 12.Nxd4 Qxd4 13.Qxd4 Bxd4 14.Nd5 Bxb2 15.Rab1 Be5
16.Nxc7 Rb8 17.Nb5 Bxh2+ 18.Kxh2 Nc5 19.Nxd6 Be6 20.Rfd1 Rfd8 21.Bf3 b6 22.Rd4
Nb7 23.Nb5 Rxd4 24.Nxd4 Nc5 25.Nc6 Rb7 26.Nb4 Rd7 27.Nd5 Kg7 28.Rd1 Nb7 29.Rc1
Na5 30.Rc2 Nxc4 31.Nf4 Ne5 32.Nxe6+ fxe6 33.Be2 Kf6 34.Bb5 Re7 35.f4 Nf7 36.Rc8
Nd6 37.Rf8+ Kg7

[Event "Aut_2.Bundesliga_Ost_2003/04"]
[Site "Bruck/Leitha (1+2), Wien (3+4), Eichgraben (5-7), Wien (8+9), Eichgraben (10+11)"]
[Date "2004.01.31"]
[Round "8"]
[Board "4"]
[White "Hangweyrer, Manfred"]
[Black "Wadsack, Wolfgang"]
[Result "1-0"]
[WhiteElo "2303"]
[BlackElo "2176"]
[PlyCount "55"]

1.e4 d5 2.exd5 Nf6 3.c4 c6 4.Nc3 cxd5 5.d4 Nc6 6.Bg5 Be6 7.Qd2 Qa5 8.Bxf6 exf6
9.c5 g6 10.Nf3 Bg7 11.h3 O-O 12.Be2 b6 13.cxb6 Qxb6 14.O-O Rab8 15.b3 f5 16.Rfd1
Rfc8 17.Rac1 Qb4 18.Ba6 Rd8 19.Qf4 Qa5 20.Bf1 Rb4 21.Na4 Rc8 22.Rc5 Qd8 23.Ba6
Nxd4 24.Nxd4 Rxa4 25.Bxc8 Rxd4 26.Rxd4 Bxd4 27.Qxd4 Bxc8 28.Rxd5

[Event "Aut_2.Bundesliga_Ost_2003/04"]
[Site "Bruck/Leitha (1+2), Wien (3+4), Eichgraben (5-7), Wien (8+9), Eichgraben (10+11)"]
[Date "2004.01.31"]
[Round "8"]
[Board "5"]
[White "Waller, Helmut"]
[Black "Schirmbeck, Hannes"]
[Result "1-0"]
[WhiteElo "2115"]
[BlackElo "2117"]
[PlyCount "89"]

1.d4 Nf6 2.Nf3 e6 3.c4 c5 4.d5 exd5 5.cxd5 d6 6.Nc3 g6 7.e4 Bg7 8.Be2 O-O 9.O-O
a6 10.a4 Re8 11.Nd2 Qe7 12.f3 b6 13.Nc4 Qc7 14.Bf4 Bf8 15.e5 dxe5 16.d6 Qd8
17.Bxe5 Nbd7 18.f4 Rb8 19.Bf3 b5 20.axb5 axb5 21.Na5 Rxe5 22.Nc6 Re8 23.Nxd8
Rxd8 24.Ra7 Rb6 25.Qe2 Re8 26.Qf2 Bxd6 27.Re1 Rf8 28.Qd2 c4 29.Ra8 Bc5+ 30.Kf1
Rd6 31.Qc1 b4 32.Nb5 Ra6 33.Rxa6 Bxa6 34.Nc7 Bc8 35.Qxc4 Bb6 36.g3 Nb8 37.Re7
Bxc7 38.Qxc7 Bh3+ 39.Kf2 Rc8 40.Qb7 Rc2+ 41.Re2 Rc8 42.Qxb4 Nc6 43.Qd6 Ng4+
44.Bxg4 Bxg4 45.Rc2

[Event "Aut_2.Bundesliga_Ost_2003/04"]
[Site "Bruck/Leitha (1+2), Wien (3+4), Eichgraben (5-7), Wien (8+9), Eichgraben (10+11)"]
[Date "2004.01.31"]
[Round "8"]
[Board "6"]
[White "Sadilek, Maximilian"]
[Black "Wadsack, Winfried"]
[Result "0-1"]
[WhiteElo "2064"]
[BlackElo "2146"]
[PlyCount "128"]

1.c4 e5 2.Nc3 Nc6 3.g3 Nf6 4.Bg2 Bb4 5.e4 O-O 6.Nge2 d6 7.d3 Ne8 8.O-O f5 9.exf5
Bxf5 10.Nd5 Bc5 11.Be3 Bb6 12.b4 Be6 13.b5 Na5 14.Nxb6 axb6 15.Nc3 Nf6 16.Bg5
Qd7 17.Bxf6 Rxf6 18.Ne4 Rf5 19.Bh3 Rff8 20.Bxe6+ Qxe6 21.Qh5 Qf5 22.Qxf5 Rxf5
23.f3 h6 24.Nc3 c6 25.Rab1 Rb8 26.Kg2 Rf7 27.Na4 d5 28.Nxb6 Rd8 29.cxd5 cxd5
30.Rbc1 Rd6 31.Na4 Kh7 32.Rc2 b6 33.Re1 Re7 34.Nb2 Rde6 35.a4 Nb7 36.Rce2 Nd6
37.Kg1 Nf5 38.Kf2 Nd4 39.Rd2 Rf7 40.f4 g5 41.Nd1 gxf4 42.g4 Rc7 43.Nb2 Rc3 44.h3
e4 45.dxe4 Nf3 46.Rxd5 Nxe1 47.Kxe1 Rxe4+ 48.Kd2 Rxh3 49.a5 bxa5 50.Nd3 f3 51.b6
Re2+ 52.Kc3 f2 53.Rf5 Ree3 54.Rxf2 Rxd3+ 55.Kc4 Rb3 56.Rf7+ Kg6 57.Rb7 Rb4+
58.Kc5 Rhb3 59.Ra7 Rb5+ 60.Kc4 R3b4+ 61.Kd3 a4 62.b7 Rxb7 63.Ra6+ R7b6 64.Ra5
Rxg4

[Event "Aut_2.Bundesliga_Ost_2003/04"]
[Site "Bruck/Leitha (1+2), Wien (3+4), Eichgraben (5-7), Wien (8+9), Eichgraben (10+11)"]
[Date "2004.02.01"]
[Round "9"]
[Board "1"]
[White "Polak, Thomas"]
[Black "Likavsky, Tomas"]
[Result "1/2-1/2"]
[WhiteElo "2490"]
[BlackElo "2472"]
[PlyCount "70"]

1.d4 Nf6 2.c4 e6 3.Nf3 b6 4.g3 Ba6 5.b3 b5 6.cxb5 Bxb5 7.Bg2 d5 8.O-O Nbd7 9.Nc3
Ba6 10.Bb2 Be7 11.Rc1 O-O 12.Na4 Qb8 13.Nc5 Nxc5 14.dxc5 c6 15.Ne5 Qc7 16.Re1
Ne4 17.Qd4 f6 18.Nd3 e5 19.Qe3 Ng5 20.f4 exf4 21.gxf4 Nf7 22.Be4 dxe4 23.Nb4 Bb7
24.Qxe4 Rfe8 25.Qf3 Rad8 26.Kh1 Bf8 27.Nd3 Bc8 28.Nf2 Rd2 29.Bxf6 gxf6 30.Ne4
Rxe4 31.Qxe4 Qe7 32.Qf3 Be6 33.e4 f5 34.Rg1+ Bg7 35.Rxg7+ Kxg7

[Event "Aut_2.Bundesliga_Ost_2003/04"]
[Site "Bruck/Leitha (1+2), Wien (3+4), Eichgraben (5-7), Wien (8+9), Eichgraben (10+11)"]
[Date "2004.02.01"]
[Round "9"]
[Board "2"]
[White "Antal, Gergely"]
[Black "Groetz, Harald"]
[Result "1/2-1/2"]
[WhiteElo "2498"]
[BlackElo "2359"]
[PlyCount "44"]

1.e4 c5 2.Nf3 d6 3.d4 cxd4 4.Qxd4 Nc6 5.Bb5 Bd7 6.Bxc6 Bxc6 7.Nc3 Nf6 8.Bg5 e6
9.O-O-O Be7 10.Qd3 O-O 11.Nd4 Qc7 12.f4 Rfd8 13.Kb1 Rac8 14.h4 a6 15.f5 Bd7
16.Rhf1 b5 17.a3 Rf8 18.Nce2 Qc4 19.Qxc4 Rxc4 20.fxe6 fxe6 21.e5 dxe5 22.Nf3 Be8

[Event "Aut_2.Bundesliga_Ost_2003/04"]
[Site "Bruck/Leitha (1+2), Wien (3+4), Eichgraben (5-7), Wien (8+9), Eichgraben (10+11)"]
[Date "2004.02.01"]
[Round "9"]
[Board "3"]
[White "Chytilek, Roman"]
[Black "Dudas, Jan"]
[Result "1-0"]
[WhiteElo "2418"]
[BlackElo "2320"]
[PlyCount "87"]

1.Nf3 d5 2.c4 c6 3.d4 Nf6 4.e3 a6 5.Qc2 g6 6.Nc3 Bg7 7.Bd3 O-O 8.O-O Nbd7 9.b3
b5 10.Rd1 Bb7 11.Bb2 Rc8 12.Qe2 Re8 13.h3 e6 14.a3 Qe7 15.c5 a5 16.Rac1 Red8
17.Re1 Ne8 18.b4 axb4 19.axb4 Ra8 20.Ra1 Rxa1 21.Rxa1 Ra8 22.Qe1 Qd8 23.Rc1 Bc8
24.e4 dxe4 25.Bxe4 Ra6 26.Ra1 Qc7 27.Rxa6 Bxa6 28.d5 cxd5 29.Bxd5 Ne5 30.Nxe5
Bxe5 31.Bf3 Ng7 32.Qa1 Qc8 33.Ne4 Bxb2 34.Qxb2 Ne8 35.Qd4 Bb7 36.h4 h5 37.Ng5
Bxf3 38.Nxf3 Nc7 39.Qd3 Qa8 40.Qd7 Nd5 41.Qxb5 Qa1+ 42.Kh2 Qb2 43.c6 Qxf2 44.c7

[Event "Aut_2.Bundesliga_Ost_2003/04"]
[Site "Bruck/Leitha (1+2), Wien (3+4), Eichgraben (5-7), Wien (8+9), Eichgraben (10+11)"]
[Date "2004.02.01"]
[Round "9"]
[Board "4"]
[White "Todor, Razvan"]
[Black "Hangweyrer, Manfred"]
[Result "1/2-1/2"]
[WhiteElo "2223"]
[BlackElo "2303"]
[PlyCount "56"]

1.e4 c5 2.Ne2 Nc6 3.c4 g6 4.d4 cxd4 5.Nxd4 Bg7 6.Be3 Nf6 7.Nc3 O-O 8.Be2 d6
9.O-O Bd7 10.Qd2 Ng4 11.Bxg4 Bxg4 12.f3 Bd7 13.Nxc6 bxc6 14.Bd4 Bxd4+ 15.Qxd4
Qb6 16.Qxb6 axb6 17.Rad1 Be6 18.b3 b5 19.cxb5 cxb5 20.Rd2 Rfb8 21.Ne2 Rc8 22.Rc1
f5 23.Rdc2 fxe4 24.fxe4 Kf7 25.Kf2 Rxc2 26.Rxc2 Rc8 27.Rxc8 Bxc8 28.Ke3 Bd7

[Event "Aut_2.Bundesliga_Ost_2003/04"]
[Site "Bruck/Leitha (1+2), Wien (3+4), Eichgraben (5-7), Wien (8+9), Eichgraben (10+11)"]
[Date "2004.02.01"]
[Round "9"]
[Board "5"]
[White "Schirmbeck, Hannes"]
[Black "Plank, Franz"]
[Result "0-1"]
[WhiteElo "2117"]
[BlackElo "2236"]
[PlyCount "80"]

1.Nf3 d5 2.e3 Nf6 3.d4 e6 4.Bd3 Nbd7 5.O-O Bd6 6.Nbd2 O-O 7.b3 e5 8.dxe5 Nxe5
9.Be2 Qe7 10.Bb2 Rd8 11.Nxe5 Bxe5 12.Bxe5 Qxe5 13.Nf3 Qc3 14.Bd3 Bg4 15.h3 Bh5
16.Qd2 Qc5 17.Nd4 Ne4 18.Bxe4 dxe4 19.g4 Bg6 20.b4 Qc4 21.Rfe1 c6 22.Qe2 Qxb4
23.Rab1 Qe7 24.Rb3 c5 25.Nb5 f6 26.Nc3 b6 27.Rbb1 Qe5 28.Nb5 a6 29.Na3 b5
30.Rbd1 Qb2 31.Rxd8+ Rxd8 32.Rd1 Re8 33.Nb1 Qxa2 34.Nc3 Qe6 35.Nd5 Qc6 36.c4 Bf7
37.Qc2 Re5 38.cxb5 axb5 39.Nf4 Re8 40.Qd2 b4

[Event "Aut_2.Bundesliga_Ost_2003/04"]
[Site "Bruck/Leitha (1+2), Wien (3+4), Eichgraben (5-7), Wien (8+9), Eichgraben (10+11)"]
[Date "2004.02.01"]
[Round "9"]
[Board "6"]
[White "Allacher, Erwin"]
[Black "Sadilek, Maximilian"]
[Result "0-1"]
[WhiteElo "2174"]
[BlackElo "2064"]
[PlyCount "88"]

1.d4 Nf6 2.c4 c5 3.d5 g6 4.Nc3 Bg7 5.e4 d6 6.Be2 O-O 7.Bg5 h6 8.Be3 e6 9.Qd2
exd5 10.exd5 Kh7 11.Nf3 Bf5 12.O-O Ne4 13.Nxe4 Bxe4 14.Ne1 Qf6 15.Bd3 Re8 16.Qc2
Bxd3 17.Nxd3 Nd7 18.Rfe1 Ne5 19.Nxe5 Rxe5 20.Bd2 Rae8 21.Rxe5 Qxe5 22.Be3 Qe4
23.Rc1 Bd4 24.Qxe4 Rxe4 25.Bxd4 Rxd4 26.a3 Rd2 27.Rb1 Rc2 28.b3 Kg7 29.Kf1 Kf6
30.g3 b6 31.h4 a5 32.a4 Rc3 33.Kg2 h5 34.Rb2 Ke5 35.Re2+ Kd4 36.Re7 Rxb3 37.Rxf7
Kxc4 38.Rf6 Kxd5 39.Rxg6 c4 40.Kf1 Rb2 41.Ke1 c3 42.Kd1 Rxf2 43.Rg5+ Ke4 44.Rxh5
c2+